[Event "World Blitz 2018"]
[Site "St Petersburg RUS"]
[Date "2018.12.29"]
[Round "7.20"]
[White "Abdusattorov, Nodirbek"]
[Black "Adly, Ahmed"]
[Result "0-1"]
[WhiteTitle "GM"]
[BlackTitle "GM"]
[WhiteElo "2546"]
[BlackElo "2626"]
[WhiteFideId "14204118"]
[BlackFideId "10601619"]
[EventDate "2018.12.29"]
[EventType "blitz"]

1. e4 c5 2. Nf3 Nf6 3. e5 Nd5 4. Nc3 Nxc3 5. dxc3 Nc6 6. Bf4 Qc7 7. Qd2 e6 8.
O-O-O h6 9. h4 Rb8 10. c4 a6 11. a4 b6 12. Kb1 Bb7 13. Rh3 Na5 14. Qc3 Bc6 15.
b3 b5 16. cxb5 axb5 17. Bxb5 Bxb5 18. axb5 Rxb5 19. Nd2 c4 20. Ne4 Nxb3 21. cxb3
Rxb3+ 22. Qxb3 cxb3 23. Rxb3 Be7 24. Rc1 Qd8 25. Nd6+ Bxd6 26. exd6 O-O 27. Rc7
Qxh4 28. Bg3 Qe4+ 29. Kb2 Ra8 30. Kc3 Qe1+ 31. Kd3 Qd1+ 32. Kc3 Ra2 33. Rc4 Qd2# 0-1

[Event "World Blitz 2018"]
[Site "St Petersburg RUS"]
[Date "2018.12.29"]
[Round "7.24"]
[White "Alekseenko, Kirill"]
[Black "Kovalev, Vladislav"]
[Result "0-1"]
[WhiteTitle "GM"]
[BlackTitle "GM"]
[WhiteElo "2638"]
[BlackElo "2683"]
[WhiteFideId "4135539"]
[BlackFideId "13504398"]
[EventDate "2018.12.29"]
[EventType "blitz"]

1. d4 Nf6 2. Nc3 d5 3. Bf4 a6 4. e3 b5 5. Nf3 Bb7 6. Bd3 e6 7. Ne2 Nbd7 8. O-O
Ne4 9. Ng3 g5 10. Be5 Rg8 11. Bxe4 dxe4 12. Nd2 Nxe5 13. dxe5 Bg7 14. Qe2 Bxe5
15. Ndxe4 Qe7 16. Rad1 g4 17. c4 f5 18. Nd2 h5 19. cxb5 h4 20. Nc4 Bxg3 21. fxg3
hxg3 22. hxg3 Bd5 23. bxa6 Rxa6 24. Ne5 Rb6 25. Qc2 Qb4 26. Rxd5 exd5 27. Qxf5
Qe7 28. Qh5+ Kd8 29. Rf7 Qe6 30. Rf2 Kc8 31. a4 Re8 32. Nxg4 Rb4 33. Nf6 Rd8 34.
a5 Qxe3 35. Qf5+ Kb7 36. Nxd5 Qc1+ 37. Rf1 Qc5+ 38. Rf2 Qc1+ 39. Rf1 Qc5+ 40.
Rf2 Rxd5 41. Qf3 Rd4 42. a6+ Kxa6 43. g4 Rd2 44. Qf6+ c6 0-1

[Event "World Blitz 2018"]
[Site "St Petersburg RUS"]
[Date "2018.12.29"]
[Round "7.32"]
[White "Ponkratov, Pavel"]
[Black "Popov, Valerij"]
[Result "1-0"]
[WhiteTitle "GM"]
[BlackTitle "GM"]
[WhiteElo "2630"]
[BlackElo "2532"]
[WhiteFideId "4157800"]
[BlackFideId "4119410"]
[EventDate "2018.12.29"]
[EventType "blitz"]

1. d4 d5 2. c4 e6 3. Nf3 Nd7 4. Nc3 Ngf6 5. g3 dxc4 6. Bg2 Rb8 7. a4 a6 8. O-O
b5 9. axb5 axb5 10. Ne5 Nxe5 11. dxe5 Nd5 12. Nxd5 exd5 13. Bxd5 Bc5 14. Bc6+
Bd7 15. Qd5 1-0

[Event "World Blitz 2018"]
[Site "St Petersburg RUS"]
[Date "2018.12.29"]
[Round "7.40"]
[White "Oparin, Grigoriy"]
[Black "Drygalov, Andrey"]
[Result "1-0"]
[WhiteTitle "GM"]
[BlackTitle "IM"]
[WhiteElo "2613"]
[BlackElo "2481"]
[WhiteFideId "24125890"]
[BlackFideId "24171735"]
[EventDate "2018.12.29"]
[EventType "blitz"]

1. Nf3 Nf6 2. g3 g6 3. Bg2 Bg7 4. c4 c6 5. O-O d5 6. b3 Ne4 7. d4 O-O 8. Bb2 Nd7
9. e3 Ndf6 10. Qe2 a5 11. Na3 a4 12. b4 dxc4 13. Nxc4 Nd5 14. a3 Nec3 15. Qe1
Nb5 16. Rc1 Nb6 17. Nce5 Be6 18. Qe2 f6 19. Nd3 Bf7 20. Nc5 Nd6 21. Nd2 e5 22.
dxe5 fxe5 23. Nde4 Nxe4 24. Bxe4 Qe7 25. Rfd1 Rad8 26. Bg2 Bd5 27. Qc2 Bxg2 28.
Kxg2 Qf7 29. Qe2 h5 30. h3 Kh7 31. e4 Bh6 32. Rxd8 Rxd8 33. Rd1 Rxd1 34. Qxd1
Nc4 35. Bc1 Bf8 36. Nxa4 Nd6 37. Qd3 Qc4 38. Qxc4 Nxc4 39. Nc3 Be7 40. Kf1 Bd8
41. Ke2 Bb6 42. Kd3 Nd6 43. Nd1 Kg7 44. a4 Kf6 45. h4 Ke6 46. Be3 Bd8 47. Nb2
Nc8 48. Nc4 Bc7 49. Bc5 b6 50. Be3 b5 51. axb5 cxb5 52. Na3 Nd6 53. Bc5 Bb8 54.
f3 Kd7 55. Bxd6 Bxd6 56. Nxb5 Bxb4 57. Nc3 Kc6 58. Ne2 Kd6 59. Ke3 Be1 60. f4
Ke6 61. Kf3 exf4 62. Nxf4+ Kf6 63. Nd5+ Ke5 64. Ne3 Bc3 65. Nd1 Bd4 66. Ne3 Bc3
67. Nc4+ Kd4 68. Nb6 Ke5 69. Nd5 Be1 70. Nf4 Kf6 71. e5+ Kf5 72. e6 Bb4 73. Nd5
Bd6 74. e7 Bxe7 75. Nxe7+ Kf6 76. Nd5+ Ke5 77. Ne3 1-0

[Event "World Blitz 2018"]
[Site "St Petersburg RUS"]
[Date "2018.12.29"]
[Round "7.43"]
[White "Vokhidov, Shamsiddin"]
[Black "Amin, Bassem"]
[Result "0-1"]
[WhiteTitle "IM"]
[BlackTitle "GM"]
[WhiteElo "2480"]
[BlackElo "2710"]
[WhiteFideId "14204223"]
[BlackFideId "10601457"]
[EventDate "2018.12.29"]
[EventType "blitz"]

1. e4 e5 2. Nf3 Nc6 3. Bc4 Nf6 4. d3 h6 5. c3 d6 6. O-O g6 7. Re1 Bg7 8. a4 O-O
9. Nbd2 Kh7 10. Nf1 Nh5 11. h3 Qe8 12. d4 f5 13. exf5 gxf5 14. dxe5 Nxe5 15. Be2
Nf6 16. Ng3 Bd7 17. Bf4 Ne4 18. Qc2 Ng6 19. Nh5 Nxf4 20. Nxf4 c6 21. Bd3 d5 22.
c4 Qf7 23. Qb3 Nc5 24. Qc2 Ne4 25. Qb3 Rad8 26. cxd5 cxd5 27. Qxb7 Rb8 28. Qxd5
Qxd5 29. Nxd5 Rxb2 30. Rab1 Nxf2 31. Rxb2 Nxd3 32. Re7 Nxb2 33. Rxd7 a5 34. Nf4
Kg8 35. Rd5 Bc3 36. Ng6 Rf7 37. Nge5 Rc7 38. Nd3 Nxa4 39. Rxf5 Nb6 40. Rb5 Nc4
41. Rc5 Rxc5 42. Nxc5 Nb6 43. Kf1 a4 44. Nxa4 Nxa4 45. g4 Nc5 46. Kg2 Kf7 47. h4
Ne4 48. Nh2 Ke6 49. Kf3 Ke5 50. Nf1 Be1 51. Ne3 Bxh4 52. Nc4+ Kd4 53. Ne3 Bg5
54. Nf5+ Ke5 55. Ne3 Bxe3 56. Kxe3 Ng5 0-1

[Event "World Blitz 2018"]
[Site "St Petersburg RUS"]
[Date "2018.12.29"]
[Round "7.48"]
[White "Belozerov, Andrei"]
[Black "Salem, A.R. Saleh"]
[Result "0-1"]
[WhiteTitle "GM"]
[BlackTitle "GM"]
[WhiteElo "2528"]
[BlackElo "2660"]
[WhiteFideId "4120213"]
[BlackFideId "9301348"]
[EventDate "2018.12.29"]
[EventType "blitz"]

1. e4 c5 2. Nf3 d6 3. Bb5+ Nd7 4. d4 cxd4 5. Qxd4 a6 6. Bxd7+ Bxd7 7. c4 Nf6 8.
Bg5 e6 9. Nc3 Be7 10. O-O O-O 11. a4 Bc6 12. b3 h6 13. Bh4 Qa5 14. Rfe1 Rfd8 15.
Qd3 Qh5 16. Rad1 Rac8 17. Bg3 Qa5 18. Bh4 Qh5 19. Bg3 Be8 20. Nd4 Nd7 21. Qe2
Qa5 22. Qe3 Bg5 23. Qd3 Nc5 24. Qc2 Bf6 25. Nce2 Qb4 26. Rb1 b5 27. axb5 axb5
28. Red1 bxc4 29. bxc4 Qa4 30. f3 Qxc2 31. Nxc2 Ba4 32. Rd2 d5 33. cxd5 Nb3 34.
Rxb3 Bxb3 35. Ncd4 Bc4 36. e5 Be7 37. d6 Bf8 38. f4 g5 39. Kf2 Bxe2 40. Nxe2 Rc4
41. h4 gxf4 42. Bxf4 Bg7 43. g3 h5 44. Ng1 Kf8 45. Nf3 Ke8 46. Ra2 Rb8 47. Ng5
Rcb4 48. Ra7 R4b7 49. Ra6 Rb2+ 50. Ke3 R2b3+ 51. Kd4 R3b5 52. Ra7 R5b7 53. Ra6
Rb6 54. Ra7 Rxd6+ 55. Ke3 Rd7 56. Rxd7 Kxd7 57. Nxf7 Rb5 58. Ke4 Rb4+ 59. Kf3
Rb3+ 60. Ke4 Bf8 61. Ng5 Be7 62. Nf3 Bc5 63. Nd2 Ra3 64. Nf1 Bf2 65. Nd2 Bxg3
66. Nc4 Ra4 67. Bxg3 Rxc4+ 68. Kf3 Rg4 69. Kf2 Kc6 70. Kf3 Kd5 71. Kf2 0-1

[Event "World Blitz 2018"]
[Site "St Petersburg RUS"]
[Date "2018.12.29"]
[Round "7.74"]
[White "Sharma, Dinesh K."]
[Black "Miton, Kamil"]
[Result "0-1"]
[WhiteTitle "IM"]
[BlackTitle "GM"]
[WhiteElo "2295"]
[BlackElo "2588"]
[WhiteFideId "5004110"]
[BlackFideId "1111914"]
[EventDate "2018.12.29"]
[EventType "blitz"]

1. d4 Nf6 2. Nf3 e6 3. c4 d5 4. Nc3 dxc4 5. e3 a6 6. Bxc4 b5 7. Bb3 Bb7 8. O-O
Nbd7 9. d5 exd5 10. Nxd5 Bd6 11. e4 Nxd5 12. Bxd5 Bxd5 13. Qxd5 O-O 14. e5 Be7
15. Rd1 Nc5 16. Be3 Qxd5 17. Rxd5 Ne6 18. Nd4 Nxd4 19. Bxd4 Rfd8 20. Rxd8+ Rxd8
21. Be3 c5 22. a4 b4 23. Rc1 g5 24. Kf1 Rd5 25. f4 gxf4 26. Bxf4 Kg7 27. Ke2 Kg6
28. Rc4 Kf5 29. h3 h5 30. Bh2 Bg5 31. g4+ hxg4 32. hxg4+ Ke6 33. Bg1 Rxe5+ 34.
Kf3 Be7 35. Bf2 Rd5 36. Ke2 Re5+ 37. Kf3 Kd5 38. b3 Ke6 39. Bg3 Rd5 40. Re4+ Kd7
41. Ke2 Bd6 42. Bf2 Be5 43. Be3 f6 44. Bc1 Kd6 45. Be3 Kc6 46. Rc4 Kd6 47. Rc1
Bd4 48. Bf4+ Kc6 49. Rc2 Rd8 50. Kf3 Rh8 51. Kg2 Re8 52. Kf3 Re1 53. Bg3 Rb1 54.
Ke4 Rxb3 55. Bf4 Ra3 56. Rh2 Rxa4 57. Rh8 b3 58. Rc8+ Kb5 59. Kd5 Kb4 60. Rb8+
Ka3 61. g5 fxg5 62. Bxg5 b2 63. Be7 Ka2 0-1

[Event "World Blitz 2018"]
[Site "St Petersburg RUS"]
[Date "2018.12.29"]
[Round "7.81"]
[White "Tregubov, Pavel V."]
[Black "Apryshko, Gleb"]
[Result "1-0"]
[WhiteTitle "GM"]
[BlackTitle "FM"]
[WhiteElo "2592"]
[BlackElo "2385"]
[WhiteFideId "4115341"]
[BlackFideId "24131792"]
[EventDate "2018.12.29"]
[EventType "blitz"]

1. d4 d5 2. c4 e6 3. Nc3 a6 4. cxd5 exd5 5. Bf4 Nf6 6. e3 Bd6 7. Bxd6 Qxd6 8.
Bd3 O-O 9. Nge2 Bg4 10. O-O Re8 11. Qc2 Bxe2 12. Nxe2 Nc6 13. a3 Nd8 14. Qb3 Rb8
15. Rac1 Ne6 16. Rc2 g6 17. Rfc1 Kg7 18. Ng3 h5 19. h3 Re7 20. Qb4 Qxb4 21. axb4
c6 22. Nf1 Ne8 23. Nd2 f5 24. Nf3 Nd6 25. h4 Nd8 26. g3 N8f7 27. Kg2 Kf6 28. Nd2
Ne4 29. Nb3 Kg7 30. Na5 Nfd6 31. Bxa6 bxa6 32. Nxc6 Reb7 33. Nxb8 Rxb8 34. Rc7+
Nf7 35. Rd7 Nd6 36. Rc6 Kf6 37. Rdxd6+ 1-0

[Event "World Blitz 2018"]
[Site "St Petersburg RUS"]
[Date "2018.12.29"]
[Round "7.84"]
[White "Dubrovin, Robert"]
[Black "Potkin, Vladimir"]
[Result "0-1"]
[BlackTitle "GM"]
[WhiteElo "2220"]
[BlackElo "2597"]
[WhiteFideId "4501829"]
[BlackFideId "4131061"]
[EventDate "2018.12.29"]
[EventType "blitz"]

1. d4 Nf6 2. c4 e6 3. Nc3 Bb4 4. e3 O-O 5. a3 Bxc3+ 6. bxc3 b6 7. Bd3 Ba6 8. e4
Ne8 9. f4 Nc6 10. Nf3 Na5 11. Qe2 f5 12. e5 d5 13. cxd5 Bxd3 14. Qxd3 Qxd5 15.
a4 c5 16. O-O Nc7 17. Be3 Rfd8 18. Rad1 Qc4 19. Qxc4 Nxc4 20. Bf2 cxd4 21. Nxd4
Kf7 22. Nc6 Rd5 23. Nb4 Rdd8 24. Nc6 Rxd1 25. Rxd1 Nd5 26. Nb4 Nxf4 27. Rd7+ Kg6
28. Nc6 a5 29. Nd4 Re8 30. Rb7 Nd5 31. Nb5 Nxe5 32. Bxb6 Nxb6 33. Rxb6 f4 34.
Nd4 Kf6 35. Ra6 Nc4 36. Rc6 Ne3 37. Kf2 g5 38. Kf3 Nf5 39. Nb5 Rd8 40. Nc7 Rd3+
41. Kf2 Nd6 42. c4 Ke7 43. c5 Ne4+ 44. Ke2 Re3+ 45. Kd1 Kd7 46. Rxe6 Kxc7 47.
Re7+ Kc6 48. Rxh7 Kxc5 49. h4 g4 50. h5 f3 51. gxf3 gxf3 52. Rf7 f2 53. h6 Re1+ 0-1

[Event "World Blitz 2018"]
[Site "St Petersburg RUS"]
[Date "2018.12.29"]
[Round "8.19"]
[White "Gelfand, Boris"]
[Black "Oparin, Grigoriy"]
[Result "1/2-1/2"]
[WhiteTitle "GM"]
[BlackTitle "GM"]
[WhiteElo "2673"]
[BlackElo "2613"]
[WhiteFideId "2805677"]
[BlackFideId "24125890"]
[EventDate "2018.12.29"]
[EventType "blitz"]

1. d4 Nf6 2. c4 e6 3. g3 d5 4. Bg2 Bb4+ 5. Nd2 O-O 6. Nf3 b6 7. O-O Bb7 8. b3 a5
9. Bb2 Nbd7 10. Rc1 Re8 11. cxd5 exd5 12. Ne5 Nxe5 13. dxe5 Nd7 14. Nf3 Bf8 15.
Qc2 c5 16. Rfd1 Qe7 17. Nh4 Nxe5 18. Bxd5 Bxd5 19. Rxd5 Ng6 20. Nxg6 hxg6 21. e3
a4 22. Rcd1 axb3 23. axb3 Rad8 24. Qd3 Rxd5 25. Qxd5 Qe6 26. Qxe6 Rxe6 27. Rd8
Rc6 28. Rb8 f6 29. Kf1 Kf7 30. h4 Be7 31. Ke2 c4 32. bxc4 Rxc4 33. Rxb6 Rb4 34.
Rxb4 Bxb4 35. e4 Ke6 36. Bd4 Bd6 37. Kf3 Kf7 38. Kg4 Ke6 39. f4 Bb4 40. Kf3 Be1
41. Bf2 Bc3 42. Kg4 Bb4 43. h5 gxh5+ 44. Kxh5 f5 45. Kg6 fxe4 46. f5+ Ke5 47. g4
Kf4 48. g5 Bc3 49. f6 1/2-1/2

[Event "World Blitz 2018"]
[Site "St Petersburg RUS"]
[Date "2018.12.29"]
[Round "8.39"]
[White "Oganian, Miran"]
[Black "Savchenko, Boris"]
[Result "1-0"]
[WhiteTitle "IM"]
[BlackTitle "GM"]
[WhiteElo "2423"]
[BlackElo "2562"]
[WhiteFideId "4122488"]
[BlackFideId "4147332"]
[EventDate "2018.12.29"]
[EventType "blitz"]

1. d4 Nf6 2. c4 g6 3. Nc3 Bg7 4. e4 d6 5. Nf3 O-O 6. Be2 c5 7. d5 b5 8. cxb5 a6
9. O-O axb5 10. Bxb5 Qa5 11. a4 Ba6 12. Qc2 Nfd7 13. Bd2 Qb6 14. Rab1 Rc8 15. b3
Bxc3 16. Bxa6 Qxa6 17. Qxc3 c4 18. b4 Qxa4 19. Ra1 Nb6 20. Rxa4 Nxa4 21. Qc2 Nd7
22. Ra1 Nab6 23. Rxa8 Nxa8 24. Be3 Nf6 25. Bd4 Nd7 26. h4 f6 27. h5 g5 28. Nd2
Kf8 29. Nb1 Kf7 30. Nc3 Kg7 31. Qa4 Rd8 32. Qc6 Kh6 33. Qxc4 Kxh5 34. Qd3 Kh6
35. Ne2 Kg7 36. Ng3 Rb8 37. Nf5+ Kf7 38. Qh3 Nf8 39. Qh5+ Kg8 40. Nh6+ Kg7 41.
Qxg5+ Ng6 42. Nf5+ Kf7 43. Qh6 Rg8 44. Qxh7+ Kf8 45. g3 Nc7 46. Qh6+ Kf7 47. Qc1
Nb5 48. Bb2 Rb8 49. Kg2 Ra8 50. Qh6 Rg8 51. Qh7+ Kf8 52. Qh6+ Kf7 53. Nd4 Nc7
54. Ne6 Nxe6 55. dxe6+ Kxe6 56. Kf1 Kf7 57. Qe3 Rb8 58. Qb3+ Kf8 59. b5 Nh8 60.
b6 Nf7 61. Bd4 Nd8 62. Qc4 Ke8 63. Qb5+ Kf8 64. Qd7 Kf7 65. Qc7 Ra8 66. b7 Nxb7
67. Qxb7 Ra3 68. Kg2 Rd3 69. Qd5+ Kf8 70. Qc4 Rd2 71. Qc3 Re2 72. Bxf6 Rxe4 73.
Bd4 Re6 74. Qf3+ Ke8 75. Qd5 Rh6 76. Qe4 Kd8 77. Be3 Rh8 78. Qa8+ 1-0

[Event "World Blitz 2018"]
[Site "St Petersburg RUS"]
[Date "2018.12.29"]
[Round "8.75"]
[White "Yeritsyan, Aram"]
[Black "Belozerov, Andrei"]
[Result "0-1"]
[WhiteTitle "FM"]
[BlackTitle "GM"]
[WhiteElo "2372"]
[BlackElo "2528"]
[WhiteFideId "34161047"]
[BlackFideId "4120213"]
[EventDate "2018.12.29"]
[EventType "blitz"]

1. e4 c6 2. d4 d5 3. e5 Bf5 4. h4 h5 5. Bd3 Bxd3 6. Qxd3 Qa5+ 7. Nd2 e6 8. Nf3
Qa6 9. c4 Nh6 10. O-O Nf5 11. b3 Be7 12. a4 Nxh4 13. Nxh4 Bxh4 14. Ba3 Nd7 15.
b4 dxc4 16. Nxc4 Nxe5 17. dxe5 O-O 18. b5 cxb5 19. axb5 Qxb5 20. Bxf8 Rxf8 21.
Rxa7 Rc8 22. Rc1 Qc5 23. Ra2 b5 24. Rac2 bxc4 25. Qe4 Bg5 26. Rxc4 Bxc1 27. Rxc5
Rxc5 28. f4 g6 29. g3 Rd5 30. Kf2 Ba3 31. Qc4 Bc5+ 32. Kf3 Kg7 33. Qa6 Be7 34.
Qb7 Bf8 35. Qc7 Rd3+ 36. Kg2 Rd5 37. Kh3 Rd1 38. Kg2 Rd2+ 39. Kf3 Rd3+ 40. Kf2
Rd5 41. Qb7 Bc5+ 42. Kg2 Rd2+ 43. Kh3 Bg1 44. g4 hxg4+ 45. Kxg4 Rd5 46. Qe7 Bc5
47. Qf6+ Kg8 48. Kg5 Rd7 49. Kg4 Be7 0-1

[Event "World Blitz 2018"]
[Site "St Petersburg RUS"]
[Date "2018.12.29"]
[Round "8.81"]
[White "Vishnu Prasanna, V"]
[Black "Shubin, Kirill"]
[Result "1/2-1/2"]
[WhiteTitle "GM"]
[BlackTitle "FM"]
[WhiteElo "2518"]
[BlackElo "2334"]
[WhiteFideId "5030692"]
[BlackFideId "34119962"]
[EventDate "2018.12.29"]
[EventType "blitz"]

1. Nf3 Nf6 2. g3 b5 3. Bg2 Bb7 4. O-O e6 5. d3 c5 6. e4 d6 7. Re1 Be7 8. a4 b4
9. c3 bxc3 10. Nxc3 O-O 11. d4 cxd4 12. Nxd4 e5 13. Nf5 g6 14. Nxe7+ Qxe7 15.
Bg5 Na6 16. Rc1 Qe6 17. Rc2 Rfc8 18. Rd2 Ne8 19. Nb5 Rc6 20. Be3 Nac7 21. Nxa7
Ra6 22. Nb5 Nxb5 23. axb5 Ra4 24. Qc2 Rb4 25. Qc3 Rxb5 26. b4 Rc8 27. Qa3 Ra8
28. Qb2 Ra4 29. Rb1 Qc4 30. Rc1 Qxb4 31. Qxb4 Raxb4 32. f3 Rb1 33. Rc2 Rxc1+ 34.
Rxc1 Kf8 35. Bf1 Rb3 36. Kf2 Rb2+ 37. Kg1 Ke7 38. Bf2 Kd7 39. Bc4 Ke7 40. Ra1 f6
41. Ra7 Kd7 42. Bg8 h6 43. Bf7 g5 44. Bg6 Nc7 45. Ra3 Ba6 46. Bf5+ Kd8 47. h4
Rb1+ 48. Kg2 Bf1+ 49. Kh2 Ba6 50. h5 Rb2 51. Kg1 Rb1+ 52. Kg2 Rb2 53. Rc3 Bb7
54. Kg1 Rb1+ 55. Kg2 Rb2 56. g4 Ba8 57. Kg3 Bb7 58. Be3 d5 59. Bc5 d4 60. Ra3
Rb5 61. Bf8 Rb1 62. Bxh6 Ba6 63. Bg7 d3 64. Rxd3+ Bxd3 65. h6 Ke7 66. Bg6 Rh1
67. Bh5 Rxh5 68. gxh5 Kf7 69. Bh8 g4 70. Kxg4 Ne6 71. Kg3 Nf8 72. Kg4 Bb5 73.
Bg7 Nh7 74. f4 Bd7+ 75. Kg3 exf4+ 76. Kxf4 Ba4 77. Bh8 Bd1 78. e5 fxe5+ 79. Kxe5
Bxh5 80. Bg7 1/2-1/2

[Event "World Blitz 2018"]
[Site "St Petersburg RUS"]
[Date "2018.12.29"]
[Round "8.84"]
[White "Piorun, Kacper"]
[Black "Pogosyan, Stefan"]
[Result "1-0"]
[WhiteTitle "GM"]
[BlackTitle "FM"]
[WhiteElo "2634"]
[BlackElo "2365"]
[WhiteFideId "1130420"]
[BlackFideId "34159867"]
[EventDate "2018.12.29"]
[EventType "blitz"]

1. e4 e5 2. Nf3 Nc6 3. Bc4 Nf6 4. d3 Be7 5. O-O O-O 6. Re1 d6 7. a4 Be6 8. Bxe6
fxe6 9. Nbd2 Qe8 10. c3 Nh5 11. Nf1 Qg6 12. h3 a6 13. N1h2 Rf7 14. b4 Rff8 15.
Ra2 Nf4 16. Bxf4 exf4 17. d4 Qf7 18. Qb3 a5 19. b5 Nd8 20. e5 d5 21. c4 dxc4 22.
Qxc4 c6 23. Nf1 Bb4 24. Rc1 Qd7 25. bxc6 Qxc6 26. N1d2 Qxc4 27. Nxc4 Nc6 28. Rd1
Rad8 29. Raa1 h6 30. h4 g6 31. Rd3 Rd5 32. Rad1 Rfd8 33. Nb6 Kf7 34. Kf1 Ne7 35.
Nxd5 Nxd5 36. Rc1 Rd7 37. Nd2 Nb6 38. Ra1 Rc7 39. Ne4 Rc2 40. Nc5 Nc4 41. Nxb7
Nd2+ 42. Kg1 Ne4 43. Rf3 g5 44. hxg5 hxg5 45. Nd6+ Nxd6 46. exd6 Bxd6 47. Rd1
Rc4 48. g3 Rxa4 49. gxf4 gxf4 50. Rc3 Ke7 51. Rc6 Kd7 52. Rc2 Ra3 53. Kg2 a4 54.
d5 exd5 55. Rxd5 Ke6 56. Ra5 Ra1 57. Ra6 Ke5 58. Re2+ Kd5 59. Rd2+ Ke4 60. Rdxd6
f3+ 61. Kh2 Ra2 62. Kg3 1-0

[Event "World Blitz 2018"]
[Site "St Petersburg RUS"]
[Date "2018.12.29"]
[Round "8.98"]
[White "Vlassov, Nikolai"]
[Black "Perdomo, Carlos Andres"]
[Result "1-0"]
[WhiteTitle "IM"]
[BlackTitle "IM"]
[WhiteElo "2401"]
[BlackElo "2301"]
[WhiteFideId "4103360"]
[BlackFideId "4400852"]
[EventDate "2018.12.29"]
[EventType "blitz"]

1. e4 e5 2. Bc4 Nc6 3. f4 exf4 4. d4 Nf6 5. Nc3 Bb4 6. Qd3 d5 7. exd5 Nxd5 8.
Ne2 Be6 9. O-O Nxc3 10. bxc3 Bxc4 11. Qxc4 Bd6 12. Bxf4 Bxf4 13. Rxf4 O-O 14.
Raf1 Qe7 15. Ng3 Rad8 16. Nf5 Qd7 17. Qb5 b6 18. Qxc6 1-0

[Event "World Blitz 2018"]
[Site "St Petersburg RUS"]
[Date "2018.12.29"]
[Round "9.4"]
[White "Kovalenko, Igor"]
[Black "Artemiev, Vladislav"]
[Result "0-1"]
[WhiteTitle "GM"]
[BlackTitle "GM"]
[WhiteElo "2657"]
[BlackElo "2709"]
[WhiteFideId "14117908"]
[BlackFideId "24101605"]
[EventDate "2018.12.29"]
[EventType "blitz"]

1. e4 c5 2. Nf3 d6 3. Bb5+ Nd7 4. Ba4 Nf6 5. O-O a6 6. c4 e6 7. Nc3 Be7 8. a3
O-O 9. Rb1 Qc7 10. d3 Rd8 11. h3 b6 12. Bf4 Bb7 13. Re1 Ne5 14. Re3 Nfd7 15.
Bxd7 Rxd7 16. Qd2 Bf6 17. Ne2 b5 18. b3 Rb8 19. Ng3 g6 20. Qc2 Ba8 21. Rc1 Qa5
22. Bxe5 dxe5 23. cxb5 Qxb5 24. Rb1 Rbd8 25. Rd1 Bg7 26. Ne1 f5 27. Re2 h5 28.
a4 Qb4 29. h4 Bf6 30. Nf3 Kg7 31. Ree1 Qb6 32. Re2 Rb8 33. Rb1 Qd6 34. Rd2 Qe7
35. Rdd1 Rc7 36. Qc4 Rb6 37. Qc2 Rb4 38. Rbc1 a5 39. Re1 Qd6 40. Qc3 Bb7 41.
Rcd1 Ba6 42. Nf1 Rd7 43. Ne3 Qb8 44. Nc4 Bxc4 45. dxc4 Rxd1 46. Rxd1 Qb7 47. Nd2
Qd7 48. g3 Rb6 49. Re1 Rd6 50. Nf1 Rd3 51. Qxa5 Qd4 52. Qc7+ Kf8 53. Qc6 Kf7 54.
Qb7+ Be7 55. exf5 gxf5 56. a5 f4 57. Qg2 Rxb3 58. a6 f3 59. Qh2 Ra3 60. Ne3 Rxa6
61. g4 hxg4 62. Qg3 Qf4 63. Qxg4 Qxg4+ 64. Nxg4 Ra4 65. Nxe5+ Kf6 66. Kh2 Bd6
67. Kh3 Bxe5 68. Re3 Rxc4 0-1

[Event "World Blitz 2018"]
[Site "St Petersburg RUS"]
[Date "2018.12.29"]
[Round "9.14"]
[White "Kazhgaleyev, Murtas"]
[Black "Jobava, Baadur"]
[Result "0-1"]
[WhiteTitle "GM"]
[BlackTitle "GM"]
[WhiteElo "2587"]
[BlackElo "2627"]
[WhiteFideId "13700316"]
[BlackFideId "13601520"]
[EventDate "2018.12.29"]
[EventType "blitz"]

1. d4 Nf6 2. c4 e6 3. Nc3 Bb4 4. e3 b6 5. Ne2 Bb7 6. a3 Be7 7. d5 a5 8. Ng3 Na6
9. e4 O-O 10. Bd3 Nc5 11. Bc2 d6 12. O-O Nfd7 13. Be3 Bg5 14. f4 Bf6 15. Nh5
Bxc3 16. bxc3 g6 17. Ng3 Ba6 18. f5 Bxc4 19. Rf4 e5 20. Rf2 Qh4 21. Qd2 f6 22.
Re1 g5 23. Qd1 a4 24. Nh5 Bb3 25. Bxb3 axb3 26. g3 Qh3 27. g4 Nxe4 28. Rg2 Rxa3
29. Qb1 Qf3 30. Bxb6 Nxc3 31. Qc1 cxb6 32. Qxa3 Qxd5 33. Qb2 Rc8 34. h4 Kf7 35.
hxg5 fxg5 36. Qa3 Qc5+ 37. Qxc5 bxc5 38. Ng3 Nf6 39. Nf1 c4 40. Ne3 d5 41. Ra1
Na2 42. Rb2 Rc7 43. Kg2 e4 44. Kg3 d4 45. Nxc4 Rxc4 46. Rxb3 Rc3+ 47. Rxc3 Nxc3
48. Ra7+ Ke8 49. Ra6 e3 50. Kf3 Nfe4 51. Ra8+ Ke7 52. Ra7+ Kd6 53. Ra8 e2 54.
Ra1 d3 0-1

[Event "World Blitz 2018"]
[Site "St Petersburg RUS"]
[Date "2018.12.29"]
[Round "9.21"]
[White "Guseinov, Gadir"]
[Black "Motylev, Alexander"]
[Result "1/2-1/2"]
[WhiteTitle "GM"]
[BlackTitle "GM"]
[WhiteElo "2664"]
[BlackElo "2644"]
[WhiteFideId "13401378"]
[BlackFideId "4121830"]
[EventDate "2018.12.29"]
[EventType "blitz"]

1. e4 e5 2. Nf3 Nc6 3. Bb5 Nge7 4. Nc3 Ng6 5. d4 exd4 6. Nxd4 Nxd4 7. Qxd4 c6 8.
Be2 Qb6 9. Be3 Qxd4 10. Bxd4 Nf4 11. Bf3 Ne6 12. Be3 f6 13. O-O-O Bb4 14. Ne2
Ke7 15. h4 h5 16. c3 Ba5 17. Nf4 Nxf4 18. Bxf4 Bb6 19. Bd6+ Kf7 20. Rd2 g6 21.
Bd1 Re8 22. Re1 a5 23. a4 Bd8 24. g4 hxg4 25. Bxg4 f5 26. Bf3 Bxh4 27. Rde2 Re6
28. Bc7 fxe4 29. Rxe4 Bg5+ 30. Kc2 d5 31. R4e2 Rxe2+ 32. Bxe2 Bf5+ 33. Bd3 Bxd3+
34. Kxd3 Bd8 35. Rh1 Kg7 36. Be5+ Bf6 37. Bxf6+ Kxf6 38. Rh7 b5 39. axb5 cxb5 1/2-1/2

[Event "World Blitz 2018"]
[Site "St Petersburg RUS"]
[Date "2018.12.29"]
[Round "9.30"]
[White "Fedoseev, Vladimir3"]
[Black "Oganian, Miran"]
[Result "0-1"]
[WhiteTitle "GM"]
[BlackTitle "IM"]
[WhiteElo "2719"]
[BlackElo "2423"]
[WhiteFideId "24130737"]
[BlackFideId "4122488"]
[EventDate "2018.12.29"]
[EventType "blitz"]

1. d4 Nf6 2. c4 e6 3. Nc3 Bb4 4. e3 O-O 5. Bd3 d5 6. cxd5 exd5 7. Ne2 Re8 8. Bd2
c6 9. O-O Nbd7 10. f3 c5 11. a3 cxd4 12. exd4 Bd6 13. Rc1 Nb6 14. Nb5 Bb8 15.
Bf4 Rxe2 16. Bxb8 Rxb2 17. Bc7 Qd7 18. Nd6 Nc4 19. Bxc4 Qxc7 20. Nb5 Qb6 21. Bd3
Rxb5 22. Bxb5 Qxb5 23. Rc5 Qb6 24. Qc2 Be6 25. Rb1 Qa6 26. a4 g6 27. a5 Bf5 0-1